000 01064cam a2200205 4500
001 ABS65924
008 020917n2002 000 0 eng u
035 _a(Sirsi) u119726
100 _aGray, J
245 _aResolving community disputes- the impact of neighbourhood mediation
260 _c2002
490 _aAxis
_v July-August 2002, 6-7(2)
520 _aSummarises the condition of the neighbour mediation sector, as described in "Responding to community conflict: a review of neighbourhood mediation" by Gray, J. It concludes that the demise of the Housing Benefit (Withdrawal of payment) Bill will lead to more mediation to resolve problems between neighbours and within the wider community. It recommends advice on community mediation can be found at www.mediationuk.org.uk
590 _aABS
650 _aHOUSING BENEFIT (WITHDRAWAL OF PAYMENT) BILL
650 _aMEDIATION
650 _aMANAGEMENT-DISPUTE AVOIDANCE, MANAGEMENT AND RESOLUTION-DISPUTE MANAGEMENT AND RESOLUTION-ARBITRATION
690 _aDispute resolution
_96236
942 _n0
999 _c71160
_d71160